Random South American Countries on the Map - Statistics

General Stats
  • This quiz has been taken 1,611 times
  • The average score is 5 of 6
Answers on the Map
Answers color-coded by a green-red scale on the quiz's map according to % correct below.
 
Answer Stats
Country % Correct
Brazil
98%
Argentina
97%
Peru
97%
Chile
96%
Uruguay
94%
Paraguay
93%
Colombia
92%
Venezuela
92%
Bolivia
85%
Ecuador
85%
Guyana
84%
Suriname
81%
No matching quizzes found
Score Distribution
Percent of People with Each Score
Percentile by Number Answered
Your Score History
You have not taken this quiz